<?xml version="1.0" encoding="UTF-8"?>
<collection xmlns="http://www.loc.gov/MARC21/slim">
  <record>
    <leader>00000nam  2200000   4500</leader>
    <controlfield tag="001">INLIS000000000007987</controlfield>
    <controlfield tag="008">###################################ind##</controlfield>
    <datafield tag="035" ind1="#" ind2="#">
      <subfield code="a">0010-0420001278</subfield>
    </datafield>
    <datafield tag="245" ind1="#" ind2="#">
      <subfield code="a">Penggunaan Google Docs Untuk Mewujudkan Kualitas Analisis Dan Evaluasi Pemantauan Pelaksanaan Undang Undang Yang Profesional, Tepat Waktu, Akuntabel Dan Sesuai Ketentuan Peraturan Perundang Undangan Dalam Penyusunan Dan Pengeditan Hasil Pemantauan Pelaksanaan Undang Undang Pada Lingkungan Pusat Pemantauan Pelaksanaan Undang Undang Badan Keahlian DPR RI /</subfield>
      <subfield code="c">Yosa Jeremia Donovan</subfield>
    </datafield>
    <datafield tag="100" ind1="#" ind2="#">
      <subfield code="a">Donovan, Yosa Jeremia</subfield>
    </datafield>
    <datafield tag="250" ind1="#" ind2="#">
      <subfield code="a">1</subfield>
    </datafield>
    <datafield tag="260" ind1="#" ind2="#">
      <subfield code="a">Sumedang :</subfield>
      <subfield code="b">PKP2A I LAN,</subfield>
      <subfield code="c">2018</subfield>
    </datafield>
    <datafield tag="084" ind1="#" ind2="#">
      <subfield code="a">R LAK3/1/004 2018</subfield>
    </datafield>
    <datafield tag="520" ind1="#" ind2="#">
      <subfield code="a">Coach : Dedi Barnadi</subfield>
    </datafield>
    <datafield tag="082" ind1="#" ind2="#">
      <subfield code="a">R LAK3/1/004 2018</subfield>
    </datafield>
    <datafield tag="990" ind1="#" ind2="#">
      <subfield code="a">LAK3.2018.00004</subfield>
    </datafield>
  </record>
</collection>
